Statistics for 2016/17 Top Goalscorers

Click here to take the quiz!

General Stats

  • This quiz has been taken 18 times
  • The average score is 27 of 35

Answer Stats

ClubNationalityPositionNo. of Goals ScoredAnswer% Correct
ArsenalChileLW24Alexis Sánchez
100%
Crystal PalaceBelgiumST15Christian Benteke
100%
Tottenham HotspurEnglandCAM18Dele Alli
100%
ChelseaBelgiumLW16Eden Hazard
100%
Tottenham HotspurEnglandST29Harry Kane
100%
Tottenham HotspurSouth KoreaLW14Heung-min Son
100%
Leicester CityEnglandST13Jamie Vardy
100%
LiverpoolBrazilCF11Roberto Firmino
100%
EvertonBelgiumST25Romelu Lukaku
100%
LiverpoolSenegalLW13Sadio Mané
100%
Manchester CityArgentinaST20Sergio Agüero
100%
Crystal PalaceIvory CoastLW7Wilfried Zaha
100%
Manchester UnitedSwedenST17Zlatan Ibrahimovic
100%
Tottenham HotspurDenmarkCAM8Christian Eriksen
93%
ChelseaSpainST20Diego Costa
86%
BournemouthNorwayCF16Joshua King
86%
West Ham UnitedJamaicaST9Michail Antonio
86%
ArsenalFranceST12Olivier Giroud
86%
LiverpoolBrazilLW13Philippe Coutinho
86%
WatfordEnglandST10Troy Deeney
86%
ArsenalGermanyCAM8Mesut Özil
79%
Manchester CityEnglandLW7Raheem Sterling
79%
ChelseaSpainRW9Pedro
71%
ArsenalEnglandRW10Theo Walcott
71%
ChelseaBrazilLW8Willian
71%
SunderlandEnglandST15Jermain Defoe
64%
West Ham UnitedArgentinaCAM8Manuel Lanzini
64%
West Bromwich AlbionVenezuelaST8Salomón Rondón
64%
LiverpoolEnglandCAM8Adam Lallana
57%
MiddlesbroughSpainST9Álvaro Negredo
43%
Hull City/West Ham UnitedScotlandRW7Robert Snodgrass
43%
Swansea CitySpainST15Fernando Llorente
36%
BurnleyJamaicaST9André Gray
29%
BurnleyWalesST10Sam Vokes
29%
BournemouthEnglandLW7Junior Stanislas
7%

Score Distribution

Percentile by Number Answered

Percent of People with Each Score

Your Score History

You have not taken this quiz